| 000 | 00549nam a2200181Ia 4500 | ||
|---|---|---|---|
| 008 | 100920s9999 xx 000 0 und d | ||
| 082 |
_b55928 _a--- थ 90 |
||
| 100 | _aवैदय सुरेश. | ||
| 245 | _aकठपुतळी. | ||
| 260 |
_bशब्दसन्मान प्रकाशन, पुणे. _c1990 |
||
| 300 |
_a229 _bसाधी |
||
| 365 | _b80 | ||
| 520 | _aकादंबरी. | ||
| 630 | _aकठपुतळी. | ||
| 650 | _aकादंबरी. | ||
| 730 | _aकठपुतळी. | ||
| 942 | _cBOOK | ||
| 999 |
_c700219 _d700216 |
||